| 000 | 00355nam a2200133Ia 4500 | ||
|---|---|---|---|
| 008 | 230917s9999||||xx |||||||||||||| ||und|| | ||
| 040 |
_e197860 _aMAIN |
||
| 041 | _aEnglish | ||
| 082 | _a373 S31H | ||
| 100 | _aShailesh | ||
| 245 | 0 | _aHaryana Shiksah Board dwara dasvin kaksha ki Hindi pathya putak 'Parag' ka mulyankan | |
| 300 | _a60 p. | ||
| 942 | _cTH | ||
| 999 |
_c124373 _d124373 |
||